[Event "Hastings Centenary Masters"]
[Site "Hastings"]
[Date "1995.08.21"]
[Round "2"]
[White "Ward, Christopher G"]
[Black "Ferguson, Mark"]
[Result "1-0"]
[WhiteElo "2500"]
[BlackElo "2360"]
[PlyCount "79"]
[EventDate "1995.08.20"]
[EventType "swiss"]
[EventRounds "9"]
[EventCountry "ENG"]
[SourceTitle "BritBase"]
[Source "John Saunders"]
[SourceDate "2023.06.01"]
[SourceVersion "1"]
[SourceVersionDate "2023.06.01"]
[SourceQuality "1"]

1. d4 d5 2. c4 c6 3. Nc3 Nf6 4. Nf3 e6 5. Bg5 h6 6. Bxf6 Qxf6 7. e3 Nd7 8. Bd3
dxc4 9. Bxc4 Bd6 10. O-O Qe7 11. Ne4 Bc7 12. Rc1 O-O 13. Qc2 Rd8 14. Rfd1 a5
15. a3 Nf8 16. Ba2 Bd7 17. Nc5 Ra7 18. e4 Be8 19. e5 Ng6 20. Qe4 Bb6 21. Na4
Bc7 22. h4 Raa8 23. Qg4 b6 24. h5 Nf8 25. Nc3 Kh8 26. Ne4 Bb8 27. Re1 Ra7 28.
Re3 Rc8 29. d5 Qd8 30. d6 f5 31. exf6 gxf6 32. Qf4 Rh7 33. Qxf6+ Qxf6 34. Nxf6
Bxd6 35. Nxh7 Kxh7 36. Bxe6 Nxe6 37. Rxe6 Bc5 38. Rd1 Bf8 39. g4 Bg7 40. Ne5
1-0

[Event "Hastings Centenary Masters"]
[Site "Hastings"]
[Date "1995.08.21"]
[Round "2"]
[White "Williams, Simon Kim"]
[Black "Emms, John M"]
[Result "1/2-1/2"]
[WhiteElo "2250"]
[BlackElo "2485"]
[PlyCount "41"]
[EventDate "1995.08.20"]
[EventType "swiss"]
[EventRounds "9"]
[EventCountry "ENG"]
[SourceTitle "BritBase"]
[Source "John Saunders"]
[SourceDate "2023.06.01"]
[SourceVersion "1"]
[SourceVersionDate "2023.06.01"]
[SourceQuality "1"]

1. c4 c5 2. Nc3 Nf6 3. e4 Nc6 4. g3 e6 5. Bg2 d5 6. exd5 exd5 7. Nxd5 Nxd5 8.
Bxd5 Bf5 9. Nf3 Qe7+ 10. Kf1 Bh3+ 11. Kg1 O-O-O 12. d4 h6 13. Bxc6 bxc6 14. Qa4
Qe4 15. d5 Rd6 16. Qa3 Rf6 17. Bf4 Rxf4 18. Re1 Qxf3 19. Qa6+ Kd8 20. Qa5+ Kc8
21. Qa6+ 1/2-1/2

[Event "Hastings Centenary Masters"]
[Site "Hastings"]
[Date "1995.08.21"]
[Round "3"]
[White "Arkell, Keith C"]
[Black "Adams, Michael"]
[Result "1-0"]
[WhiteElo "2505"]
[BlackElo "2660"]
[PlyCount "101"]
[EventDate "1995.08.20"]
[EventType "swiss"]
[EventRounds "9"]
[EventCountry "ENG"]
[SourceTitle "BritBase"]
[Source "John Saunders"]
[SourceDate "2023.06.01"]
[SourceVersion "1"]
[SourceVersionDate "2023.06.01"]
[SourceQuality "1"]

1. d4 d6 2. g3 Nf6 3. Bg2 Nbd7 4. c4 e5 5. Nc3 Be7 6. Nf3 c6 7. Qc2 O-O 8. O-O
Re8 9. e4 a6 10. h3 Qc7 11. Be3 b5 12. cxb5 cxb5 13. Rac1 Bb7 14. Qb1 Qb8 15.
a3 Bd8 16. dxe5 dxe5 17. Nd2 Bb6 18. Bxb6 Nxb6 19. Nb3 Nc4 20. Rfd1 Qa7 21. Nd2
Rac8 22. Nxc4 Rxc4 23. Nd5 Bxd5 24. exd5 Rd4 25. Rxd4 Qxd4 26. Rd1 Qb6 27. Qc2
Rd8 28. Rc1 Qd6 29. Qc7 Qxc7 30. Rxc7 Ne8 31. Ra7 Rd6 32. Re7 Kf8 33. Rxe5 Rd8
34. Kf1 Nd6 35. Re2 Rc8 36. Ke1 Rc4 37. Kd1 b4 38. axb4 Rxb4 39. Kc2 a5 40. Re3
a4 41. Bf1 Ne4 42. Bb5 f5 43. Bc6 g6 44. f3 f4 45. gxf4 Ng3 46. d6 Nf5 47. Re4
Rxe4 48. Bxe4 Nxd6 49. Kc3 Ke7 50. Kb4 Ne8 51. Kxa4 1-0

[Event "Hastings Centenary Masters"]
[Site "Hastings"]
[Date "1995.08.21"]
[Round "3"]
[White "Bates, Richard A"]
[Black "McEwan, Ken B"]
[Result "1/2-1/2"]
[WhiteElo "2345"]
[BlackElo "2160"]
[PlyCount "116"]
[EventDate "1995.08.20"]
[EventType "swiss"]
[EventRounds "9"]
[EventCountry "ENG"]
[SourceTitle "BritBase"]
[Source "John Saunders"]
[SourceDate "2023.06.01"]
[SourceVersion "1"]
[SourceVersionDate "2023.06.01"]
[SourceQuality "1"]

1. d4 Nf6 2. c4 e6 3. Nf3 b6 4. g3 Bb7 5. Bg2 d6 6. O-O Nbd7 7. b3 g6 8. Bb2
Bg7 9. Qc2 O-O 10. Nc3 Qe7 11. Rfe1 c5 12. Rad1 Rfd8 13. e4 Ne8 14. a3 Rac8 15.
Bc1 Qf8 16. Bg5 f6 17. Bc1 e5 18. d5 Bh6 19. Bb2 Ng7 20. Bh3 Qe7 21. Qd3 Rb8
22. Nb5 a6 23. Nc3 Nf8 24. Nh4 Bc8 25. Bxc8 Rdxc8 26. Rf1 Nd7 27. Rde1 Rf8 28.
Ng2 Ne8 29. f4 Nc7 30. a4 a5 31. f5 g5 32. Bc1 Bg7 33. g4 h6 34. h4 Kf7 35. Nb5
Nxb5 36. axb5 Rg8 37. Qh3 Rh8 38. Re2 Rbg8 39. Ra2 Qd8 40. Kf2 Bf8 41. Ke2 Be7
42. Rh1 Qf8 43. Ne3 Qg7 44. Qf3 Rh7 45. Kd3 Bd8 46. Rah2 Rgh8 47. Nf1 Kg8 48.
Ng3 Qf7 49. Kc2 Kf8 50. Bd2 Kg8 51. Rh3 Kf8 52. R1h2 Kg8 53. Qh1 Qg7 54. Kb2
Qf7 55. Ka3 Qg7 56. Ka4 Qf7 57. Nh5 Nf8 58. Ng3 Nd7 1/2-1/2

[Event "Hastings Centenary Masters"]
[Site "Hastings"]
[Date "1995.08.21"]
[Round "3"]
[White "Buckley, Graeme N"]
[Black "Harris, Costas"]
[Result "1-0"]
[WhiteElo "2355"]
[BlackElo "2235"]
[PlyCount "71"]
[EventDate "1995.08.20"]
[EventType "swiss"]
[EventRounds "9"]
[EventCountry "ENG"]
[SourceTitle "BritBase"]
[Source "John Saunders"]
[SourceDate "2023.06.01"]
[SourceVersion "1"]
[SourceVersionDate "2023.06.01"]
[SourceQuality "1"]

1. g3 Nf6 2. Bg2 e6 3. d3 d5 4. Nf3 Bd6 5. Nbd2 c5 6. e4 Nc6 7. O-O O-O 8. Re1
Bb8 9. c3 d4 10. Qe2 e5 11. Nh4 Be6 12. c4 a6 13. b3 Ra7 14. Nf1 Ne8 15. Nf5
Ne7 16. Nxe7+ Qxe7 17. f4 f6 18. f5 Bf7 19. g4 Nd6 20. h4 Be8 21. g5 b6 22. Nh2
Bc6 23. Qh5 Be8 24. g6 h6 25. Ng4 Nf7 26. Bf3 Kh8 27. Kf2 Bd6 28. Rg1 Ng5 29.
hxg5 fxg5 30. Rh1 Kg8 31. Rh3 b5 32. Bxg5 Qc7 33. Rah1 Bc6 34. Nxh6+ gxh6 35.
Qxh6 Qg7 36. Qh8+ 1-0

[Event "Hastings Centenary Masters"]
[Site "Hastings"]
[Date "1995.08.21"]
[Round "3"]
[White "Conquest, Stuart C"]
[Black "Williams, Simon Kim"]
[Result "1-0"]
[WhiteElo "2455"]
[BlackElo "2250"]
[PlyCount "71"]
[EventDate "1995.08.20"]
[EventType "swiss"]
[EventRounds "9"]
[EventCountry "ENG"]
[SourceTitle "BritBase"]
[Source "John Saunders"]
[SourceDate "2023.06.01"]
[SourceVersion "1"]
[SourceVersionDate "2023.06.01"]
[SourceQuality "1"]

1. d4 e6 2. e4 d5 3. Nd2 Nf6 4. e5 Nfd7 5. f4 c5 6. c3 Nc6 7. Ndf3 Qb6 8. h4
cxd4 9. cxd4 Be7 10. Nh3 f6 11. Bd3 f5 12. Be2 Nf8 13. h5 Bd7 14. Nf2 O-O-O 15.
a3 Na5 16. b4 Nc4 17. Nd3 Kb8 18. Kf2 Rc8 19. Nc5 Qd8 20. a4 b6 21. Na6+ Kb7
22. b5 g6 23. Nd2 Na5 24. Nb3 Nxb3 25. Qxb3 gxh5 26. Bd2 Rg8 27. Bf3 Be8 28.
Rhc1 Bh4+ 29. Ke2 Rxc1 30. Rxc1 Rg7 31. a5 Ng6 32. axb6 Qxb6 33. Bxd5+ exd5 34.
Qxd5+ Bc6 35. bxc6+ Kc8 36. Qe6+ 1-0

[Event "Hastings Centenary Masters"]
[Site "Hastings"]
[Date "1995.08.21"]
[Round "3"]
[White "Dive, Russell John"]
[Black "Van Zyil Smit, Konrad"]
[Result "1-0"]
[WhiteElo "2315"]
[BlackElo "2100"]
[PlyCount "123"]
[EventDate "1995.08.20"]
[EventType "swiss"]
[EventRounds "9"]
[EventCountry "ENG"]
[SourceTitle "BritBase"]
[Source "John Saunders"]
[SourceDate "2023.06.01"]
[SourceVersion "1"]
[SourceVersionDate "2023.06.01"]
[SourceQuality "1"]

1. d4 Nf6 2. c4 g6 3. Nf3 Bg7 4. g3 O-O 5. Bg2 d6 6. O-O c5 7. d5 e6 8. Nc3
exd5 9. cxd5 Re8 10. Nd2 a6 11. a4 Nbd7 12. h3 Rb8 13. Nc4 Nb6 14. Na3 Bd7 15.
a5 Nc8 16. Nc4 Bb5 17. Qb3 Bxc4 18. Qxc4 b5 19. axb6 Nxb6 20. Qd3 c4 21. Qc2
Nfd7 22. Rxa6 Nc5 23. Ra2 Nbd7 24. Ne4 Nxe4 25. Bxe4 Qe7 26. Bf3 Ne5 27. Bg2
Rec8 28. Bd2 Nd7 29. Bc3 Bxc3 30. bxc3 Nc5 31. Rd1 Qb7 32. Bf1 Qb3 33. e3 Ne4
34. Rc1 Nxc3 35. Ra5 Qxc2 36. Rxc2 Rb5 37. Rxb5 Nxb5 38. Rxc4 Rxc4 39. Bxc4 Nc7
40. e4 Kf8 41. f4 f6 42. Kf2 Ke7 43. Ke3 h6 44. Kd4 g5 45. Kc3 Ne8 46. Kb4 Ng7
47. Be2 Kd7 48. Kb5 Kc7 49. Ka6 gxf4 50. gxf4 f5 51. e5 dxe5 52. fxe5 f4 53.
Kb5 h5 54. Kc5 h4 55. Bg4 Ne8 56. d6+ Kd8 57. Kd5 Ng7 58. e6 Ke8 59. Ke4 Kf8
60. Kxf4 Nxe6+ 61. Bxe6 Ke8 62. Kg4 1-0

[Event "Hastings Centenary Masters"]
[Site "Hastings"]
[Date "1995.08.21"]
[Round "3"]
[White "Duncan, Christopher R"]
[Black "Minet, Steve"]
[Result "1-0"]
[WhiteElo "2315"]
[BlackElo "2170"]
[PlyCount "119"]
[EventDate "1995.08.20"]
[EventType "swiss"]
[EventRounds "9"]
[EventCountry "ENG"]
[SourceTitle "BritBase"]
[Source "John Saunders"]
[SourceDate "2023.06.01"]
[SourceVersion "1"]
[SourceVersionDate "2023.06.01"]
[SourceQuality "1"]

1. c4 e6 2. Nc3 c5 3. Nf3 Nc6 4. d4 cxd4 5. Nxd4 Nf6 6. g3 d5 7. Bg2 Bb4 8. O-O
Bxc3 9. bxc3 O-O 10. Bg5 dxc4 11. Nxc6 bxc6 12. Qa4 h6 13. Rfd1 Qc7 14. Bf4 e5
15. Qxc6 Qxc6 16. Bxc6 exf4 17. Bxa8 fxg3 18. hxg3 Bf5 19. Bd5 Rc8 20. Rd4 Nxd5
21. Rxd5 Be6 22. Ra5 Rc7 23. Rb1 Rd7 24. Kf1 g5 25. Ke1 Re7 26. Rab5 a6 27. Ra5
Bg4 28. Rb2 Re6 29. Rc5 Re4 30. Kf1 Bd7 31. f3 Re3 32. Rxc4 Bb5 33. Rc8+ Kg7
34. c4 Rc3 35. Rb4 Bd7 36. Rc7 Bh3+ 37. Kf2 Be6 38. Ra4 h5 39. Rxa6 Kg6 40. a4
h4 41. gxh4 gxh4 42. a5 h3 43. Rb6 Rc1 44. Rxe6+ fxe6 45. Kg3 Ra1 46. Rc5 Ra2
47. Re5 Kf6 48. f4 Ra3+ 49. e3 Rc3 50. c5 Ra3 51. c6 Rc3 52. a6 Rxc6 53. Ra5
Rc8 54. a7 Ra8 55. Kxh3 Rh8+ 56. Kg4 Rg8+ 57. Kf3 Ra8 58. Ke4 Kg6 59. Ke5 Kf7
60. Ra6 1-0

[Event "Hastings Centenary Masters"]
[Site "Hastings"]
[Date "1995.08.21"]
[Round "3"]
[White "Emms, John M"]
[Black "Cooper, Lawrence"]
[Result "1-0"]
[WhiteElo "2485"]
[BlackElo "2315"]
[PlyCount "87"]
[EventDate "1995.08.20"]
[EventType "swiss"]
[EventRounds "9"]
[EventCountry "ENG"]
[SourceTitle "BritBase"]
[Source "John Saunders"]
[SourceDate "2023.06.01"]
[SourceVersion "1"]
[SourceVersionDate "2023.06.01"]
[SourceQuality "1"]

1. e4 e5 2. Nf3 Nc6 3. Bb5 a6 4. Ba4 Nf6 5. O-O Be7 6. Re1 b5 7. Bb3 O-O 8. a4
Bb7 9. d3 d6 10. c3 Na5 11. Ba2 c5 12. Na3 Qd7 13. axb5 axb5 14. Bd2 h6 15. b4
cxb4 16. cxb4 Nc6 17. Nxb5 Nxb4 18. Bxb4 Qxb5 19. Bc4 Qxb4 20. Rb1 Qc5 21. Rxb7
Ra7 22. Rb5 Qc7 23. Qb1 Nd7 24. Rc1 Nc5 25. Bd5 Qd7 26. h3 Ra1 27. Qxa1 Qxb5
28. d4 exd4 29. Nxd4 Qb6 30. Nf5 Bf6 31. Qa2 h5 32. g3 Qc7 33. Qd2 Kh7 34. h4
Rb8 35. Qf4 Rd8 36. Kg2 Qd7 37. Nxd6 Nd3 38. Qf3 Nxc1 39. Qxh5+ Kg8 40. Nxf7
Kf8 41. Nxd8 Bxd8 42. Qh8+ Ke7 43. Qxg7+ Ke8 44. Qg8+ 1-0

[Event "Hastings Centenary Masters"]
[Site "Hastings"]
[Date "1995.08.21"]
[Round "3"]
[White "Ferguson, Mark"]
[Black "Roberts, Paul E"]
[Result "1-0"]
[WhiteElo "2360"]
[BlackElo "2215"]
[PlyCount "61"]
[EventDate "1995.08.20"]
[EventType "swiss"]
[EventRounds "9"]
[EventCountry "ENG"]
[SourceTitle "BritBase"]
[Source "John Saunders"]
[SourceDate "2023.06.01"]
[SourceVersion "1"]
[SourceVersionDate "2023.06.01"]
[SourceQuality "1"]

1. e4 c5 2. Nc3 e6 3. Nf3 d6 4. d4 cxd4 5. Nxd4 Nf6 6. g4 h6 7. h4 Nc6 8. Rg1
h5 9. gxh5 Nxh5 10. Bg5 Nf6 11. Be2 Qb6 12. Nb3 a6 13. Qd2 Qc7 14. O-O-O Bd7
15. Kb1 O-O-O 16. h5 Be7 17. Be3 Ne5 18. f4 Nc4 19. Bxc4 Qxc4 20. Rxg7 Be8 21.
Bb6 Rd7 22. Qe3 Nxh5 23. Na5 Qb4 24. a3 Qxb6 25. Qxb6 Nxg7 26. Qa7 Rc7 27. e5
Nf5 28. exd6 Bxd6 29. Ne4 Kd7 30. Nxd6 Nxd6 31. Qb6 1-0

[Event "Hastings Centenary Masters"]
[Site "Hastings"]
[Date "1995.08.21"]
[Round "3"]
[White "Howell, James C"]
[Black "Dunnington, Angus J"]
[Result "0-1"]
[WhiteElo "2525"]
[BlackElo "2385"]
[PlyCount "94"]
[EventDate "1995.08.20"]
[EventType "swiss"]
[EventRounds "9"]
[EventCountry "ENG"]
[SourceTitle "BritBase"]
[Source "John Saunders"]
[SourceDate "2023.06.01"]
[SourceVersion "1"]
[SourceVersionDate "2023.06.01"]
[SourceQuality "1"]

1. e4 g6 2. d4 Bg7 3. Nc3 c6 4. h3 d6 5. Be3 b5 6. f4 b4 7. Nb1 Nf6 8. Nd2 O-O
9. Ngf3 a5 10. Bd3 Nbd7 11. Qe2 e5 12. fxe5 dxe5 13. O-O-O exd4 14. Bxd4 c5 15.
Bf2 Nh5 16. e5 Nf4 17. Qe4 Nxd3+ 18. cxd3 Nxe5 19. Nxe5 Bf5 20. Qf3 Bxe5 21.
Nc4 Bd4 22. Rhe1 a4 23. Bxd4 Qxd4 24. g4 Be6 25. Qe4 Rad8 26. a3 bxa3 27. Nxa3
Bb3 28. Rd2 Rfe8 29. Qxe8+ Rxe8 30. Rxe8+ Kg7 31. Nc2 Qf4 32. Re1 h6 33. d4
cxd4 34. Nxd4 Qg3 35. Rh1 Qc7+ 36. Kb1 Qf4 37. Kc1 Bc4 38. Nc2 Bb3 39. Nd4 Bd5
40. Rhd1 Bc4 41. Rg1 Qe3 42. Rh1 Bd3 43. Rhd1 Be4 44. Rf1 a3 45. bxa3 Qxa3+ 46.
Kd1 Bd3 47. Nc2 Qb3 0-1

[Event "Hastings Centenary Masters"]
[Site "Hastings"]
[Date "1995.08.21"]
[Round "3"]
[White "Jain, Naveen"]
[Black "Dutta, Shyamol"]
[Result "0-1"]
[WhiteElo "2265"]
[BlackElo "2110"]
[PlyCount "60"]
[EventDate "1995.08.20"]
[EventType "swiss"]
[EventRounds "9"]
[EventCountry "ENG"]
[SourceTitle "BritBase"]
[Source "John Saunders"]
[SourceDate "2023.06.01"]
[SourceVersion "1"]
[SourceVersionDate "2023.06.01"]
[SourceQuality "1"]

1. e4 c5 2. Nf3 d6 3. d4 cxd4 4. Qxd4 a6 5. c4 Nc6 6. Qd2 Nf6 7. Nc3 e6 8. Be2
Be7 9. O-O b6 10. b3 Bb7 11. Bb2 O-O 12. Nd4 Rc8 13. Kh1 Qc7 14. f4 Nd7 15. Nc2
Nc5 16. Qe3 Bf6 17. Rad1 Rfd8 18. Rf3 Nxe4 19. Nxe4 Bxb2 20. Rh3 d5 21. Ng5 h6
22. Nf3 dxc4 23. Rxd8+ Rxd8 24. bxc4 Na5 25. Rg3 Bf6 26. Ne5 Bxe5 27. fxe5 Nxc4
28. Qxh6 Qxe5 29. Qh4 Qd5 30. Qxc4 Qxc4 0-1

[Event "Hastings Centenary Masters"]
[Site "Hastings"]
[Date "1995.08.21"]
[Round "3"]
[White "Malaniuk, Vladimir P"]
[Black "Ward, Christopher G"]
[Result "1-0"]
[WhiteElo "2580"]
[BlackElo "2500"]
[PlyCount "77"]
[EventDate "1995.08.20"]
[EventType "swiss"]
[EventRounds "9"]
[EventCountry "ENG"]
[SourceTitle "BritBase"]
[Source "John Saunders"]
[SourceDate "2023.06.01"]
[SourceVersion "1"]
[SourceVersionDate "2023.06.01"]
[SourceQuality "1"]

1. d4 Nf6 2. Nf3 e6 3. c4 c5 4. e3 cxd4 5. exd4 d6 6. Nc3 Be7 7. Bd3 b6 8. O-O
O-O 9. Re1 Nbd7 10. a3 Re8 11. b4 a6 12. Bb2 Bf8 13. d5 e5 14. Nd2 g6 15. Nb3
Nh5 16. Bf1 f5 17. a4 a5 18. bxa5 bxa5 19. Nb5 Nhf6 20. c5 dxc5 21. d6 Ra6 22.
Bc4+ Kg7 23. Nc7 Rxd6 24. Nxe8+ Qxe8 25. Qe2 e4 26. Nxa5 h5 27. Bb5 Kh7 28. Nc4
Re6 29. a5 Nd5 30. a6 Nc7 31. a7 Bb7 32. Bxd7 Qxd7 33. Red1 Qe8 34. Qd2 Nd5 35.
Qxd5 Bxd5 36. Rxd5 Qa8 37. Rd8 Qxd8 38. a8=Q Re8 39. Qc6 1-0

[Event "Hastings Centenary Masters"]
[Site "Hastings"]
[Date "1995.08.21"]
[Round "3"]
[White "McDonald, Neil R"]
[Black "Hunt, Harriet"]
[Result "1/2-1/2"]
[WhiteElo "2425"]
[BlackElo "2385"]
[PlyCount "115"]
[EventDate "1995.08.20"]
[EventType "swiss"]
[EventRounds "9"]
[EventCountry "ENG"]
[SourceTitle "BritBase"]
[Source "John Saunders"]
[SourceDate "2023.06.01"]
[SourceVersion "1"]
[SourceVersionDate "2023.06.01"]
[SourceQuality "1"]

1. e4 c6 2. d4 d5 3. Nd2 dxe4 4. Nxe4 Bf5 5. Ng3 Bg6 6. h4 h6 7. f4 e6 8. Nf3
Nd7 9. h5 Bh7 10. Bd3 Bxd3 11. Qxd3 Qc7 12. Bd2 O-O-O 13. Qe2 Ngf6 14. O-O-O c5
15. Ne5 Nb6 16. dxc5 Bxc5 17. c4 Bd4 18. Kb1 Na4 19. Bc1 Rhf8 20. Qc2 Nb6 21.
Nf3 Bc5 22. b3 Rxd1 23. Rxd1 Rd8 24. Rxd8+ Kxd8 25. Ne5 Ke8 26. Ne4 Be7 27.
Nxf6+ Bxf6 28. Qh7 Qe7 29. Ng4 Bd4 30. Qe4 Bc3 31. Ne5 Nd7 32. Nxd7 Qxd7 33.
Kc2 Bf6 34. f5 Qe7 35. fxe6 fxe6 36. g4 Kd8 37. Qe3 a6 38. Qb6+ Kc8 39. Be3 Qd7
40. Qc5+ Kd8 41. Qf8+ Kc7 42. Bf4+ Kc6 43. b4 Bd4 44. Be5 Kb6 45. Kb3 Be3 46.
c5+ Kc6 47. Bd6 Kd5 48. Qf3+ Kd4 49. a4 Kd3 50. Qf1+ Ke4 51. Kc4 b5+ 52. Kc3
Bd4+ 53. Kd2 e5 54. Qd3+ Kd5 55. Qf3+ Kc4 56. axb5 Kxb5 57. Kc2 Qc6 58. Qd3+
1/2-1/2

[Event "Hastings Centenary Masters"]
[Site "Hastings"]
[Date "1995.08.21"]
[Round "3"]
[White "Mellier, Pierre"]
[Black "Sahetchian, Armand"]
[Result "1/2-1/2"]
[WhiteElo "2210"]
[BlackElo "2145"]
[PlyCount "138"]
[EventDate "1995.08.20"]
[EventType "swiss"]
[EventRounds "9"]
[EventCountry "ENG"]
[SourceTitle "BritBase"]
[Source "John Saunders"]
[SourceDate "2023.06.01"]
[SourceVersion "1"]
[SourceVersionDate "2023.06.01"]
[SourceQuality "1"]

1. e4 c5 2. Nf3 Nc6 3. d4 cxd4 4. Nxd4 Nf6 5. Nc3 e5 6. Ndb5 d6 7. Bg5 a6 8.
Na3 b5 9. Bxf6 gxf6 10. Nd5 Bg7 11. c3 O-O 12. Nc2 f5 13. exf5 Bxf5 14. Nce3
Be6 15. a4 f5 16. axb5 f4 17. bxc6 fxe3 18. Nxe3 d5 19. Bd3 Qg5 20. Ra5 Rab8
21. Qc2 d4 22. cxd4 Qf4 23. O-O Qxd4 24. Bc4 Bxc4 25. Qxc4+ Kh8 26. Qxd4 exd4
27. c7 Rxb2 28. Rc5 Rc8 29. Nd5 Rb7 30. g3 Bf8 31. Rc6 a5 32. Rfc1 d3 33. Rd1
a4 34. Rxd3 a3 35. Ra6 Rb2 36. Rc3 a2 37. Kg2 Rb5 38. Rd3 Rb2 39. Ra5 Bc5 40.
Rf3 Rd2 41. Nc3 Bb4 42. Ra4 Rxc7 43. Nxa2 Bd6 44. Nb4 Rc4 45. Ra8+ Kg7 46. Nd3
Rd4 47. Ra7+ Kg6 48. Nf4+ Bxf4 49. gxf4 R2d3 50. Rg3+ Kf5 51. Rf7+ Ke4 52. Rxh7
Kxf4 53. Rh4+ Kf5 54. Rxd4 Rxd4 55. h3 Ra4 56. Rg8 Rb4 57. Kg3 Rb1 58. Rg4 Rg1+
59. Kf3 Rh1 60. Kg2 Ra1 61. Rb4 Kg5 62. Kg3 Rg1+ 63. Kf3 Rh1 64. Rb5+ Kg6 65.
Kg4 Rg1+ 66. Kf4 Rf1 67. Rb6+ Kg7 68. f3 Rh1 69. Kg4 Rg1+ 1/2-1/2

[Event "Hastings Centenary Masters"]
[Site "Hastings"]
[Date "1995.08.21"]
[Round "3"]
[White "O'Brien, Richard W"]
[Black "James, David J"]
[Result "1/2-1/2"]
[WhiteElo "2100"]
[BlackElo "2270"]
[PlyCount "20"]
[EventDate "1995.08.20"]
[EventType "swiss"]
[EventRounds "9"]
[EventCountry "ENG"]
[SourceTitle "BritBase"]
[Source "John Saunders"]
[SourceDate "2023.06.01"]
[SourceVersion "1"]
[SourceVersionDate "2023.06.01"]
[SourceQuality "1"]

1. d4 Nf6 2. Nf3 e6 3. g3 b6 4. Bg2 Bb7 5. O-O Be7 6. c4 O-O 7. Nc3 d5 8. cxd5
exd5 9. Bf4 c6 10. Rc1 Nbd7 1/2-1/2

[Event "Hastings Centenary Masters"]
[Site "Hastings"]
[Date "1995.08.21"]
[Round "3"]
[White "Pickersgill, Adrian O"]
[Black "Lewis, Andrew P"]
[Result "1-0"]
[WhiteElo "2105"]
[BlackElo "2335"]
[PlyCount "73"]
[EventDate "1995.08.20"]
[EventType "swiss"]
[EventRounds "9"]
[EventCountry "ENG"]
[SourceTitle "BritBase"]
[Source "John Saunders"]
[SourceDate "2023.06.01"]
[SourceVersion "1"]
[SourceVersionDate "2023.06.01"]
[SourceQuality "1"]

1. e4 c5 2. Nc3 Nc6 3. f4 g6 4. Nf3 Bg7 5. Bc4 e6 6. e5 d6 7. exd6 Qxd6 8. Ne4
Qe7 9. O-O Nh6 10. d3 Nf5 11. Bb5 Bd7 12. c3 a6 13. Bxc6 Bxc6 14. Ne5 Rc8 15.
Qf3 Bd5 16. g4 Nd6 17. Qe2 b6 18. g5 h5 19. c4 Ba8 20. Bd2 Nxe4 21. dxe4 Bxe5
22. fxe5 Rd8 23. h4 O-O 24. Bc3 b5 25. cxb5 axb5 26. Qxb5 Bxe4 27. Rfd1 Bf3 28.
Rxd8 Rxd8 29. Kf2 Ba8 30. Ke1 Bf3 31. Kf2 Ba8 32. Ke1 Kg7 33. Rd1 Rxd1+ 34.
Kxd1 Be4 35. Ke1 Qd8 36. Qxc5 Qd3 37. Bb4 1-0

[Event "Hastings Centenary Masters"]
[Site "Hastings"]
[Date "1995.08.21"]
[Round "3"]
[White "Steffens, Olaf"]
[Black "Kumaran, Dharshan"]
[Result "1/2-1/2"]
[WhiteElo "2330"]
[BlackElo "2500"]
[PlyCount "84"]
[EventDate "1995.08.20"]
[EventType "swiss"]
[EventRounds "9"]
[EventCountry "ENG"]
[SourceTitle "BritBase"]
[Source "John Saunders"]
[SourceDate "2023.06.01"]
[SourceVersion "1"]
[SourceVersionDate "2023.06.01"]
[SourceQuality "1"]

1. b4 e5 2. a3 d5 3. e3 Nf6 4. c4 dxc4 5. Bxc4 Bd6 6. Qc2 O-O 7. Ne2 Nbd7 8.
Nbc3 Nb6 9. Bd3 Be6 10. Ne4 h6 11. Bb2 Nxe4 12. Bxe4 c6 13. d4 Nc4 14. dxe5
Bxe5 15. Bxe5 Nxe5 16. Rd1 Qe7 17. Qc3 Ng4 18. Nf4 Rad8 19. Bf3 Bf5 20. O-O Qe5
21. Rd4 Rxd4 22. Qxd4 Qxd4 23. exd4 Rd8 24. Rd1 Nf6 25. h3 Be4 26. Bxe4 Nxe4
27. Ne2 Kf8 28. f3 Nf6 29. Nc3 Nd5 30. Nxd5 Rxd5 31. Kf2 a5 32. Ke3 axb4 33.
axb4 Rb5 34. Rb1 Ke7 35. Kd3 Kd6 36. Kc4 Rg5 37. g4 b5+ 38. Kd3 Rg6 39. Rc1 Rf6
40. Ke4 Re6+ 41. Kd3 Rf6 42. Ke4 Re6+ 1/2-1/2

[Event "Hastings Centenary Masters"]
[Site "Hastings"]
[Date "1995.08.21"]
[Round "3"]
[White "Stuart, E Leslie"]
[Black "Wall, Gavin"]
[Result "0-1"]
[WhiteElo "2080"]
[BlackElo "2265"]
[PlyCount "50"]
[EventDate "1995.08.20"]
[EventType "swiss"]
[EventRounds "9"]
[EventCountry "ENG"]
[SourceTitle "BritBase"]
[Source "John Saunders"]
[SourceDate "2023.06.01"]
[SourceVersion "1"]
[SourceVersionDate "2023.06.01"]
[SourceQuality "1"]

1. d4 f5 2. g3 Nf6 3. Bg2 g6 4. Nh3 e6 5. O-O d6 6. c3 Bg7 7. Na3 O-O 8. Nc4
Nc6 9. b4 Ne4 10. Bxe4 fxe4 11. Bg5 Qd7 12. f3 e5 13. b5 Qxh3 14. bxc6 exf3 15.
Rxf3 Rxf3 16. exf3 bxc6 17. dxe5 Qe6 18. Nd2 Qxe5 19. Ne4 d5 20. Bf4 Qe7 21.
Bg5 Qe6 22. Qd2 dxe4 23. Qd8+ Bf8 24. Rd1 exf3 25. Bh6 Bb7 0-1

[Event "Hastings Centenary Masters"]
[Site "Hastings"]
[Date "1995.08.21"]
[Round "3"]
[White "Taylor, Peter P"]
[Black "Spanton, Timothy"]
[Result "1-0"]
[WhiteElo "2205"]
[BlackElo "2060"]
[PlyCount "49"]
[EventDate "1995.08.20"]
[EventType "swiss"]
[EventRounds "9"]
[EventCountry "ENG"]
[SourceTitle "BritBase"]
[Source "John Saunders"]
[SourceDate "2023.06.01"]
[SourceVersion "1"]
[SourceVersionDate "2023.06.01"]
[SourceQuality "1"]

1. e4 e5 2. Nf3 Nc6 3. d4 exd4 4. Nxd4 Nge7 5. Bc4 Nxd4 6. Qxd4 Nc6 7. Qd5 Qf6
8. O-O Nb4 9. Qd1 Bc5 10. a3 Nc6 11. Nc3 O-O 12. Nd5 Qd8 13. Qh5 Be7 14. f4 d6
15. f5 Ne5 16. Bb3 c6 17. Nxe7+ Qxe7 18. Bg5 Qc7 19. Rf4 h6 20. Rh4 d5 21. Rf1
f6 22. Bf4 Bd7 23. exd5 cxd5 24. Bxd5+ Kh8 25. Bxh6 1-0

[Event "Hastings Centenary Masters"]
[Site "Hastings"]
[Date "1995.08.21"]
[Round "3"]
[White "Tebb, David J"]
[Black "Poldauf, Dirk"]
[Result "0-1"]
[WhiteElo "2315"]
[BlackElo "2415"]
[PlyCount "71"]
[EventDate "1995.08.20"]
[EventType "swiss"]
[EventRounds "9"]
[EventCountry "ENG"]
[SourceTitle "BritBase"]
[Source "John Saunders"]
[SourceDate "2023.06.01"]
[SourceVersion "1"]
[SourceVersionDate "2023.06.01"]
[SourceQuality "1"]

1. e4 e6 2. d4 d5 3. Nc3 Bb4 4. e5 c5 5. Bd2 Ne7 6. dxc5 Nbc6 7. Qg4 O-O 8. Nf3
f6 9. Bd3 fxe5 10. Bxh7+ Kxh7 11. Qh5+ Kg8 12. Ng5 Rf5 13. Qh7+ Kf8 14. g4 Rxg5
15. Bxg5 Qe8 16. O-O-O Bxc3 17. bxc3 Qg6 18. Qh4 b6 19. f4 e4 20. Rhf1 Kf7 21.
c4 e3 22. f5 exf5 23. Bxe3 Ba6 24. Bg5 Bxc4 25. gxf5 Nxf5 26. Rf4 Kg8 27. Qe1
Re8 28. Qg1 Ne3 29. Rd2 Nb4 30. Rf3 Nexc2 31. Qg4 Ne1 32. Rg3 Ned3+ 33. Rdxd3
Nxd3+ 34. Kd2 Nxc5 35. Re3 Ne4+ 36. Ke1 0-1